MARC details
| 000 -LÍDER |
| campo de controle de tamanho fixo |
01654nam a2200349 4500 |
| 001 - NÚMERO DE CONTROLE |
| campo de controle |
160 |
| 003 - IDENTIFICADOR DO NÚMERO DE CONTROLE |
| campo de controle |
OSt |
| 005 - DATA E HORÁRIO DA ÚLTIMA TRANSAÇÃO |
| campo de controle |
20250528074013.0 |
| 008 - CAMPO DE DADOS FIXOS--INFORMAÇÃO GERAL |
| campo de controle de tamanho fixo |
250129b |||||||e |||| 00| 1 eng d |
| 020 ## - ISBN - INTERNATIONAL STANDARD BOOK NUMBER |
| ISBN - International Standard Book Number |
8585865695 |
| 040 ## - FONTE DA CATALOGAÇÃO |
| Idioma da catalogação |
por |
| 041 ## - CÓDIGO DE IDIOMA |
| Código do idioma do original e/ou traduções intermediárias do texto |
eng |
| Código do idioma do texto/trilha sonora ou título diferente |
por |
| 082 ## - CDD - CLASSIFICAÇÃO DECIMAL DE DEWEY |
| Número de Classificação |
823 |
| Número do exemplar |
C624f |
| 100 1# - ENTRADA PRINCIPAL--NOME PESSOAL |
| Nome pessoal |
Cleland, John, |
| Datas associadas ao nome |
1709-1789 |
| 9 (RLIN) |
304 |
| 240 ## - TÍTULO UNIFORME |
| Título uniforme |
Fanny Hill or Memoirs of a woman of pleasure |
| 245 ## - TÍTULO |
| Título |
Fanny Hill ou Memórias de uma mulher de prazer / |
| Indicação de responsabilidade, etc. |
Cleland, John ; Tradução de Eduardo Francisco Alves e Apresentação de Peter Wagner |
| 250 ## - EDIÇÃO |
| Declaração de edição |
3° edição |
| 260 ## - PUBLICAÇÃO, DISTRIBUIÇÃO, ETC. |
| Local de publicação, distribuição, etc. |
São Paulo |
| Nome do editor, distribuidor, etc. |
Estação Liberdade |
| Data da publicação, distribuição, etc. |
1997 |
| 300 ## - DESCRIÇÃO FÍSICA |
| Extensão |
311 p. |
| 520 ## - NOTA DE RESUMO, ETC. |
| Resumo, etc. |
Memórias de uma mulher de prazer, comumente conhecido como Fanny Hill, é um dos grandes clássicos da literatura do século XVIII.<br/><br/>História de uma prostituta e sua ascendência à respeitabilidade, Fanny Hill está sendo reconhecido mais recentemente como uma combinação única de paródia, entretenimento sensual e um conceito filosófico de sexualidade emprestado dos romances libertinos franceses. Os leitores terão a oportunidade de conhecer tanto o pensamento revolucionário na época do Iluminismo, como também uma ficção erótica, que mereceu destaque na história do romance inglês e mundial.<br/> |
| 650 #0 - ASSUNTO--TERMO TÓPICO |
| Cabeçalho tópico ou nome geográfico |
Literatura Inglesa |
| 9 (RLIN) |
89 |
| 650 #0 - ASSUNTO--TERMO TÓPICO |
| Cabeçalho tópico ou nome geográfico |
Amor e Paixão |
| 9 (RLIN) |
25 |
| 650 #0 - ASSUNTO--TERMO TÓPICO |
| Cabeçalho tópico ou nome geográfico |
Emponderamento |
| 9 (RLIN) |
32 |
| 650 #0 - ASSUNTO--TERMO TÓPICO |
| Cabeçalho tópico ou nome geográfico |
Erótico |
| 9 (RLIN) |
305 |
| 650 #0 - ASSUNTO--TERMO TÓPICO |
| Cabeçalho tópico ou nome geográfico |
Polêmica |
| 9 (RLIN) |
117 |
| 650 #0 - ASSUNTO--TERMO TÓPICO |
| Cabeçalho tópico ou nome geográfico |
Clássicos |
| 9 (RLIN) |
77 |
| 655 #0 - TERMO DE ÍNDICE--GÊNERO E FORMA |
| Gênero/forma/ou termo foco |
Romance |
| 655 #0 - TERMO DE ÍNDICE--GÊNERO E FORMA |
| Gênero/forma/ou termo foco |
Ficção |
| 700 ## - ENTRADA ADICIONADA - NOME PESSOAL |
| Nome pessoal |
Eduardo Francisco Alves |
| Função do autor por extenso |
Tradutor |
| 9 (RLIN) |
306 |
| 700 ## - ENTRADA ADICIONADA - NOME PESSOAL |
| Nome pessoal |
Peter Wagner |
| Função do autor por extenso |
Apresentação |
| 9 (RLIN) |
307 |
| 942 ## - ELEMENTOS DE ENTRADA ADICIONADOS (KOHA) |
| Fonte de classificação ou esquema de arquivamento |
Classificação decimal de Dewey |
| Ocultar no OPAC |
Não |
| Tipo de material Koha |
Livros |